| 000 | 00407 a2200145 4500 | ||
|---|---|---|---|
| 003 | OSt | ||
| 005 | 20240110114326.0 | ||
| 008 | 240110b |||||||| |||| 00| 0 eng d | ||
| 040 | _coclc | ||
| 082 |
_a297 _bJIB/I |
||
| 245 |
_aIslaminte mithathvam / _cShaikh Abdulla Al-Jibreen |
||
| 260 |
_aKerala: _bDa'wa books, _c2011. |
||
| 300 | _a71p | ||
| 942 |
_2ddc _cBK _h297 _iJIB/I _k297 _mJIB/I |
||
| 999 |
_c43089 _d43089 |
||